000 00463nam a22001937a 4500
003 MPLRDC
005 20220104150921.0
008 210129b ||||| |||| 00| 0 eng d
020 _a957-8576-12-9
082 _a411.35 MAZ
100 _aJUDY MAZET
245 _a水果消脂瘦身法
_c陈依琳译
250 _a初版
260 _a
_b太雅生活馆
_c2001
300 _b
490 _aLIFE. 122
650 _a食物减肥
942 _cBK
_o411.35 MAZ
999 _c52104
_d52094